00211nam a2200097Ia 4500008004100000041000800041100001800049245001800067650000900085999001900094230605s9999 xx 000 0 und d aeng aAbbott Lewrey aFront Office aF.O. c417027d417027